00837 2200289 4500001002100000005001500021035002000036007000300056040001700059100003000076245010700106250001200213300002500225041000800250082001200258084001800270090002400288264005300312336002100365337003000386338002300416650001100439850001000450008004100460990002300501990002300524INLIS00000000000842420260520015516 a0010-0922000913ta aSBPUPADbInd0 aElizabeth TaraePengarang1 aKanker Pada Wanita :bPanduan Lengkap Pencegahan dan Pengendalian Kanker Pada Wanita /cElizabeth Tara a.-cet.1 avi,170 hlm ;c14,5cm07aInd a616.994 a616.994 ELI k a616.994 ELI k L18-3 a.--Jakarta :bLadangPustaka dan Intimedia,c2001 2rdacontentateks 2rdamediaatanpa perantara 2rdacarrieravolume 4aKanker aPUPAD260520 0  a8486/H/KAPD-PDG-09 a8484/H/KAPD-PDG-09